NFL: Top 25 Active Players: Pro Bowl Selections - Statistics

General Stats
  • This quiz has been taken 61 times
  • The average score is 14 of 27
Answer Stats
# Player Years % Correct
T17 Patrick Mahomes 6
89%
T2 Aaron Rodgers 10
87%
T17 Keenan Allen 6
87%
T2 Travis Kelce 10
79%
1 Trent Williams 11
75%
T11 T.J. Watt 7
72%
T17 Myles Garrett 6
62%
T8 Tyreek Hill 8
62%
T17 Davante Adams 6
60%
T11 Jalen Ramsey 7
60%
T17 George Kittle 6
58%
T17 Mike Evans 6
58%
T17 Harrison Smith 6
57%
T17 Lane Johnson 6
57%
T17 Chris Jones 6
55%
T2 Russell Wilson 10
55%
T2 Bobby Wagner 10
53%
T8 Von Miller 8
42%
T11 Cameron Heyward 7
40%
T11 Quenton Nelson 7
40%
T6 Khalil Mack 9
34%
T8 Cameron Jordan 8
30%
T17 Calais Campbell 6
28%
T6 Kyle Juszczyk 9
19%
T17 Darius Slay 6
17%
T11 Budda Baker 7
15%
T11 Joel Bitonio 7
2%
No matching quizzes found
Score Distribution
Percent of People with Each Score
Percentile by Number Answered
Your Score History
You have not taken this quiz